Atatürk, CHP ve eğitim (Record no. 3817)
[ view plain ]
| 000 -BAŞLIK | |
|---|---|
| Sabit Uzunlukta Kontrol Alanı | 00708na a2200241 4500 |
| 001 - KONTROL NUMARASI | |
| Denetim Alanı | 13635 |
| 003 - KONTROL NUMARASI IDENTIFIER | |
| Denetim Alanı | MIRAKIL |
| 005 - SON İŞLEM TARİHİ VE ZAMANI | |
| Denetim Alanı | 20181213154944.0 |
| 008 - SABİT-BOY VERİ ELEMANLARI - GENEL BİLGİLER | |
| Sabit Uzunlukta Kontrol Alanı | 160908b tu 000 0 |
| 020 ## - ULUSLARARASI STANDART KİTAP NUMARASI | |
| Uluslararası Standart Kitap Numarası | 9786055230777 |
| 035 ## - SİSTEM KONTROL NUMARASI | |
| Sistem Kontrol Numarası | 13635 |
| 040 ## - KATALOGLAMA KAYNAK | |
| Orijinal Kataloglama Ajansı | Milas |
| Kataloglama Dili | tur |
| Metne Dönüştürmek Ajansı | TR-AnCHP |
| 082 ## - DEWEY ONLU SINIFLANDIRMA NUMARASI | |
| Sınıflandırma Numarası | ATA 370.9561 |
| Ürün Numarası | A81a 2014 |
| 090 ## - SINIFLAMA NUMARASI | |
| Sınıflama Numarası | ATA 370.9561 A81a 2014 |
| 100 ## - ANA GİRİŞ - KİŞİSEL İSİM | |
| Kişisel Ad | Aybek, Şahin |
| Bir Adıyla İlişkilendirilen Tarihler | 1977- |
| 245 ## - BAŞLIK TABLOSU | |
| Başlık | Atatürk, CHP ve eğitim |
| Sorumluluk Tablosu, Vb | Şahin Aybek |
| 260 ## - YAYIN, DAĞITIM, VB | |
| Yayın, Dağıtım, Vb Yeri | Ankara |
| Yayıncı, Dağıtıcı, Vs Adı | Sonçağ Yayıncılık |
| Yayın, Dağıtım, Vb Tarihi | 2014 |
| 300 ## - FİZİKSEL TANIM | |
| Kapsam | xxix, 775 s. |
| Diğer Fiziksel Ayrıntıları | res. |
| Boyutlar | 22 sm. |
| 600 ## - KONU KATMA GİRİŞ - KURUMSAL ADI | |
| Kişisel Ad | Atatürk, Mustafa Kemal |
| Bir Adıyla İlişkilendirilen Tarihler | 1881-1938 |
| Genel Alt Bölümü | Eğitim politikası |
| 650 ## - KONU KATMA GİRİŞ - TOPİKAL DÖNEM | |
| Topikal Süreli Veya Coğrafi Ad Giriş Elemanı | CHP |
| Genel Alt Bölümü | Eğitim politikası |
| 650 ## - KONU KATMA GİRİŞ - TOPİKAL DÖNEM | |
| Topikal Süreli Veya Coğrafi Ad Giriş Elemanı | Eğitim |
| Genel Alt Bölümü | Tarih |
| Coğrafi Alt Bölümü | Türkiye |
| 942 ## - EKLENDİ GİRİŞ ELEMANLARI (KOHA) | |
| Sınıflandırma Veya Raf Düzeni Kaynak | Dewey Decimal Classification |
| Koha Öğesi Türü | Books |
| 999 ## - SİSTEM KONTROL NUMARALARI (KOHA) | |
| Koha Biblionumber | 3817 |
| Koha Biblioitemnumber | 3817 |
| Kalıcı Konum | Mevcut Konum | Edinme Tarihi | Edinim Kaynak | Toplam Check-Out'Lar | Tam Çağrı Numarası | Barkod | Tarih Son Görülme | İtibaren Geçerli Fiyatlar | Koha Öğesi Türü | Kopya Sayısı |
|---|---|---|---|---|---|---|---|---|---|---|
| CHP Kütüphanesi | CHP Kütüphanesi | 08/15/2016 | Bağış | ATA 370.9561 A81a 2014 | 001614 | 08/15/2016 | 08/15/2016 | Books | ||
| CHP Kütüphanesi | CHP Kütüphanesi | 08/15/2016 | Bağış | ATA 370.9561 A81a 2014 | 001615 | 08/15/2016 | 08/15/2016 | Books | k.2 | |
| CHP Kütüphanesi | CHP Kütüphanesi | 08/15/2016 | Bağış | ATA 370.9561 A81a 2014 | 001616 | 08/15/2016 | 08/15/2016 | Books | k.3 | |
| CHP Kütüphanesi | CHP Kütüphanesi | 02/27/2024 | ATA 370.9561 A81a 2014 | 21191 | 02/27/2024 | 02/27/2024 | Books | |||
| CHP Kütüphanesi | CHP Kütüphanesi | 03/08/2024 | ATA 370.9561 A81a 2014 | 21496 | 03/08/2024 | 03/08/2024 | Books |
